| 000 | 00372 a2200121 4500 | ||
|---|---|---|---|
| 040 |
_aDLC _bDLC |
||
| 082 | _a005.73 SOH | ||
| 100 | _aSohail, Aslam, Dr. | ||
| 245 |
_aData Structures: Lectures 1-10, CS-301, (04 CD's) _cDr. Sohail, Aslam |
||
| 260 |
_aLahore _bVirtual University _c2005 |
||
| 500 | _aLectures 1-10, 11-21, 22-35, 36-45, (04 CD's) | ||
| 942 |
_cCD _k005.73 SOH _2ddc |
||
| 999 |
_c9674 _d9674 |
||